ՀՀ Գիտությունների ազգային ակադեմիայի հիմնարար գիտական գրադարան  =   Fundamental Scientific Library of NAS RA

Կարմրիկը / (Record no. 141431)

MARC details
000 -LEADER
fixed length control field 00631nam a2200193 a 4500
001 - CONTROL NUMBER
control field 000370062
003 - CONTROL NUMBER IDENTIFIER
control field AM-YeHGA
005 - DATE AND TIME OF LATEST TRANSACTION
control field 20250617131854.0
008 - FIXED-LENGTH DATA ELEMENTS--GENERAL INFORMATION
fixed length control field 041015s1931 ai 000 | arm d
040 ## - CATALOGING SOURCE
Original cataloging agency AM-YeHGA
041 1# - LANGUAGE CODE
Language code of text/sound track or separate title arm
090 ## - LOCALLY ASSIGNED LC-TYPE CALL NUMBER (OCLC); LOCAL CALL NUMBER (RLIN)
-- 142811
100 1# - MAIN ENTRY--PERSONAL NAME
Personal name Ռոբերտս, Չ.
245 10 - TITLE STATEMENT
Title Կարմրիկը /
Statement of responsibility, etc. Չ. Ռոբերտս; Թարգմ.՝ Արտ. Հովվյան.
260 ## - PUBLICATION, DISTRIBUTION, ETC.
Place of publication, distribution, etc. Յերևան :
Name of publisher, distributor, etc. Պետհրատ,
Date of publication, distribution, etc. 1931.
300 ## - PHYSICAL DESCRIPTION
Extent 15 էջ :
Other physical details նկ. ;
Dimensions 21 սմ.
650 14 - SUBJECT ADDED ENTRY--TOPICAL TERM
Topical term or geographic name entry element Անգլիական մանկական գրականություն
General subdivision Հեքիաթ
700 1# - ADDED ENTRY--PERSONAL NAME
Personal name Հովվյան, Արտ.
Relator term թարգմ.
Relationship trl
Holdings
Withdrawn status Lost status Damaged status Not for loan Collection Home library Current library Date acquired Total checkouts Full call number Barcode Date last seen Copy number Price effective from Koha item type Public note
        General Fundamental Scientific Library Fundamental Scientific Library 22/12/2016   AII/38924 220038924 22/12/2016 820-93 22/12/2016 Գրքեր / Books 30 Days Loan


ՀՀ ԳԱԱ հիմնարար գիտական գրադարան
ՀՀ,Երևան 0019
Մարշալ Բաղրամյան 24/6
հեռախոս:(374-10) 52-47-50
Հետադարձ կապ

All site content, except where otherwise noted, is licensed under a
Creative Commons License